Optik und Atomphysik /

Gardado en:
Detalles Bibliográficos
Autor Principal: Pohl, Robert Wichard, 1884-1976
Formato: Libro
Idioma:German
Publicado: Berlin ; Heidelberg ; New York : Springer, 1967.
Edición:12., verb. und erg. Aufl. :
Series:Pohl, Robert Wichard, 1884-1976. Einführung in die Physik ; Bd. 3.
Subjects:
LEADER 01409cam a2200361 a 4500
001 c000380902
003 CARM
005 20110726130935.0
008 110726s1967 gw a 001 0 ger d
010 |a 67019560 
015 |a GDB67-A29-449 
019 1 |a 27283425  |5 LACONCORD2021 
035 |a (OCoLC)1246220  |5 LACONCORD2021 
040 |a DLC  |b eng  |c GAT  |d OCoLC  |d DLC 
042 |a premarc 
050 0 0 |a QC355  |b .P65 1967 
082 0 4 |a 535 
100 1 |a Pohl, Robert Wichard,  |d 1884-1976. 
245 1 0 |a Optik und Atomphysik /  |c von Robert Wichard Pohl. 
250 |a 12., verb. und erg. Aufl. :  |b Mit 556 Abbildungen im Text und auf einer Tafel, darunter 28 entlehnten. 
260 |a Berlin ;  |a Heidelberg ;  |a New York :  |b Springer,  |c 1967. 
300 |a xi, 347 p. :  |b ill. ;  |c 26 cm. 
490 1 |a Einführung in die Physik ;  |v Bd. 3 
504 |a Index. 
500 |a First to 8th ed. published under title: Einführung in die Optik. 
650 0 |a Optics. 
650 0 |a Quantum electrodynamics. 
852 8 |b CARM  |p 0572657  |f BK 
852 8 |b SCAN  |h A3:AG20F0  |i C12786  |p 0572657  |f BK 
800 1 |a Pohl, Robert Wichard,  |d 1884-1976.  |t Einführung in die Physik ;  |v Bd. 3. 
999 f f |i fdcb6424-5d1b-5952-9c1a-3d995cf1e465  |s e0228b05-ac3b-52d0-8224-bffdb915bd99 
952 f f |p Can circulate  |a CAVAL  |b CAVAL  |c CAVAL  |d CARM 1 Store  |i book  |m 0572657 
952 f f |a CAVAL  |b CAVAL  |c CAVAL  |d Unmapped Location  |e C12786  |f A3:AG20F0  |h Other scheme